<?xml version="1.0" encoding="UTF-8"?>
<record
    xmlns:xsi="http://www.w3.org/2001/XMLSchema-instance"
    xsi:schemaLocation="http://www.loc.gov/MARC21/slim http://www.loc.gov/standards/marcxml/schema/MARC21slim.xsd"
    xmlns="http://www.loc.gov/MARC21/slim">

  <leader>04300nam a22002417a 4500</leader>
  <controlfield tag="008">250513b        |||||||| |||| 00| 0 eng d</controlfield>
  <datafield tag="020" ind1=" " ind2=" ">
    <subfield code="a">9788411002431</subfield>
  </datafield>
  <datafield tag="040" ind1=" " ind2=" ">
    <subfield code="c">tbs</subfield>
  </datafield>
  <datafield tag="041" ind1=" " ind2=" ">
    <subfield code="a">spa</subfield>
  </datafield>
  <datafield tag="041" ind1=" " ind2=" ">
    <subfield code="h">eng</subfield>
  </datafield>
  <datafield tag="050" ind1=" " ind2=" ">
    <subfield code="a">BF371</subfield>
    <subfield code="b">.R287 2025</subfield>
  </datafield>
  <datafield tag="100" ind1=" " ind2=" ">
    <subfield code="a">Ranganath, Charan</subfield>
    <subfield code="9">25209</subfield>
    <subfield code="e">author</subfield>
  </datafield>
  <datafield tag="240" ind1=" " ind2=" ">
    <subfield code="a">Why we remember</subfield>
    <subfield code="l">Spanish.</subfield>
  </datafield>
  <datafield tag="245" ind1=" " ind2=" ">
    <subfield code="a">Por qu&#xE9; recordamos</subfield>
    <subfield code="b">: la nueva ciencia de la memoria</subfield>
    <subfield code="c">/ Charan Ranganath ; translated by Gemma Dez Guil.</subfield>
  </datafield>
  <datafield tag="260" ind1=" " ind2=" ">
    <subfield code="a">Barcelona :</subfield>
    <subfield code="b">Edicions 62,</subfield>
    <subfield code="c">2024.</subfield>
  </datafield>
  <datafield tag="300" ind1=" " ind2=" ">
    <subfield code="a">404 pages ;</subfield>
    <subfield code="c">22 cm.</subfield>
  </datafield>
  <datafield tag="520" ind1=" " ind2=" ">
    <subfield code="a">La memoria es mucho m&#xE1;s que un simple registro del pasado. En este innovador recorrido por la mente y el cerebro, uno de los principales investigadores del mundo en el campo de la memoria revela el papel fundamental que desempe&#xF1;a la memoria en casi todos los aspectos de nuestra vida: desde recordar rostros y nombres, hasta el aprendizaje, la toma de decisiones, el trauma y la sanaci&#xF3;n. Una nueva comprensi&#xF3;n de la memoria est&#xE1; surgiendo gracias a las investigaciones cient&#xED;ficas m&#xE1;s recientes.

En Por qu&#xE9; recordamos, el neurocient&#xED;fico y psic&#xF3;logo pionero Charan Ranganath replantea radicalmente la manera en que pensamos sobre el acto cotidiano de recordar. Combinando un lenguaje accesible con investigaciones de vanguardia, revela las sorprendentes formas en que nuestro cerebro registra el pasado y c&#xF3;mo usamos esa informaci&#xF3;n para entender qui&#xE9;nes somos en el presente, as&#xED; como para imaginar y planificar el futuro.

El Dr. Ranganath muestra que la memoria es una fuerza profundamente transformadora que moldea nuestra experiencia del mundo de maneras a menudo invisibles y, en ocasiones, perjudiciales. Comprender esto puede ayudarnos con tareas diarias como encontrar las llaves, y tambi&#xE9;n a enfrentar el desaf&#xED;o de la p&#xE9;rdida de memoria con la edad. M&#xE1;s a&#xFA;n, cuando aprendemos a trabajar con la capacidad del cerebro para aprender y reinterpretar eventos pasados, podemos sanar traumas, superar prejuicios, aprender m&#xE1;s r&#xE1;pido y crecer en autoconciencia.

Incluyendo estudios fascinantes y ejemplos de la cultura popular, y bas&#xE1;ndose en la vida personal de Ranganath como cient&#xED;fico, padre e hijo de inmigrantes, Por qu&#xE9; recordamos es una lectura cautivadora que revela el papel oculto que desempe&#xF1;a la memoria a lo largo de nuestras vidas. Al comprender su poder &#x2014;y sus peculiaridades&#x2014;, podemos eliminar el ruido mental y recordar lo que realmente importa. Podemos tomar decisiones m&#xE1;s libres y planificar un futuro m&#xE1;s feliz.</subfield>
  </datafield>
  <datafield tag="520" ind1=" " ind2=" ">
    <subfield code="a">Memory is far more than a record of the past. In this groundbreaking tour of the mind and brain, one of the world's top memory researchers reveals the powerful role memory plays in nearly every aspect of our lives, from recalling faces and names, to learning, decision-making, trauma and healing. A new understanding of memory is emerging from the latest scientific research. In Why We Remember, pioneering neuroscientist and psychologist Charan Ranganath radically reframes the way we think about the everyday act of remembering. Combining accessible language with cutting-edge research, he reveals the surprising ways our brains record the past and how we use that information to understand who we are in the present, and to imagine and plan for the future. Memory, Dr. Ranganath shows, is a highly transformative force that shapes how we experience the world in often invisible and sometimes destructive ways. Knowing this can help us with daily remembering tasks, like finding our keys, and with the challenge of memory loss as we age. What's more, when we work with the brain's ability to learn and reinterpret past events, we can heal trauma, shed our biases, learn faster, and grow in self-awareness. Including fascinating studies and examples from pop culture, and drawing on Ranganath's life as a scientist, father, and child of immigrants, Why We Remember is a captivating read that unveils the hidden role memory plays throughout our lives. When we understand its power -- and its quirks -- we can cut through the clutter and remember the things we want to remember. We can make freer choices and plan a happier future.</subfield>
  </datafield>
  <datafield tag="650" ind1=" " ind2="0">
    <subfield code="a">Memory</subfield>
    <subfield code="9">9634</subfield>
  </datafield>
  <datafield tag="650" ind1=" " ind2="0">
    <subfield code="a">Cognition</subfield>
    <subfield code="9">6853</subfield>
  </datafield>
  <datafield tag="700" ind1=" " ind2=" ">
    <subfield code="a">Dez Gui, Gemma</subfield>
    <subfield code="9">25210</subfield>
    <subfield code="e">translator</subfield>
  </datafield>
  <datafield tag="942" ind1=" " ind2=" ">
    <subfield code="2">lcc</subfield>
  </datafield>
  <datafield tag="952" ind1=" " ind2=" ">
    <subfield code="0">0</subfield>
    <subfield code="1">0</subfield>
    <subfield code="2">lcc</subfield>
    <subfield code="4">0</subfield>
    <subfield code="7">0</subfield>
    <subfield code="a">TBS</subfield>
    <subfield code="b">TBS</subfield>
    <subfield code="d">2025-05-13</subfield>
    <subfield code="l">0</subfield>
    <subfield code="o">BF371 RAN</subfield>
    <subfield code="p">B05847</subfield>
    <subfield code="r">2025-05-13</subfield>
    <subfield code="t">1</subfield>
    <subfield code="w">2025-05-13</subfield>
    <subfield code="y">1</subfield>
  </datafield>
  <datafield tag="999" ind1=" " ind2=" ">
    <subfield code="c">4656</subfield>
    <subfield code="d">4656</subfield>
  </datafield>
</record>
